Biblioteca

A history of Christian Thought (Registro nro. 70983)

Detalles MARC
000 -LÍDER
Campo fijo de descripción fija 02600nam a2200373 i 4500
001 - NÚMERO DE CONTROL
Campo de control 768714001
003 - IDENTIFICADOR DEL NÚMERO DE CONTROL
Campo de control CO-MdFUSB
005 - FECHA Y HORA DE LA ULTIMA TRANSACCIÓN
control field 20260326144702.0
007 - CAMPO FIJO DE DESCRIPCIÓN FIJA--INFORMACIÓN GENERAL
Campo fijo de descripción fija ta
008 - ELEMENTOS DE LONGITUD FIJA -- INFORMACIÓN GENERAL
Campo fijo de descripción fija -- Información general 240929t1971 -us||||| |||| 001 0 eng d
020 ## - NÚMERO INTERNACIONAL NORMALIZADO PARA LIBROS
Número Internacional Normalizado del libro 0-687-17183-0
Información adicional Volumen 2
020 ## - NÚMERO INTERNACIONAL NORMALIZADO PARA LIBROS
Número Internacional Normalizado del libro 0-687-17184-9
Información adicional Volumen 3
040 ## - FUENTE DE CATALOGACIÓN
Idioma de catalogación spa.
Agencia de catalogación original CO-MdFUSB
Agencia que realiza la transcripción CO-MdFUSB
Agencia que realiza la modificación CO-MdFUSBC
Convenciones de la descripción rda
041 ## - CÓDIGO DE IDIOMA
Código de idioma para texto/pista de sonido o título separado eng
082 ## - NÚMERO DE CLASIFICACIÓN DECIMAL DEWEY
Número de la edición del Dewey 23
Número de clasificación 230.09
Clave de autor-Numero de item G643
100 ## - ASIENTO PRINCIPAL--NOMBRE PERSONAL
Nombre personal González, Justo L.
Término relacionador autor
245 12 - TÍTULO
Título del Material A history of Christian Thought
Mención de responsabilidad, etc. / Justo L. González
250 ## - MENCIÓN DE EDICIÓN
Mención de edición Edición revisada
264 #1 - PRODUCCIÓN, PUBLICACIÓN, DISTRIBUCIÓN, MANUFACTURA, Y COPYRIGHT
Lugar de producción, publicación, distribución, manufactura Nashville :
Nombre del productor, publicador, distribuidor Abingdon Press,
Fecha de producción, publicación, distribución, manufactura, o copyright [1971]
264 #4 - PRODUCCIÓN, PUBLICACIÓN, DISTRIBUCIÓN, MANUFACTURA, Y COPYRIGHT
Fecha de producción, publicación, distribución, manufactura, o copyright ©1971
300 ## - DESCRIPCIÓN FÍSICA
Extensión 2 volúmenes
Dimensiones ; 23 cm
336 ## - TIPO DE CONTENIDO
Fuente rdacontent
Término de tipo de contenido texto
Código de tipo de contenido txt
337 ## - TIPO DE MEDIO
Fuente rdamedia
Nombre del tipo de medio sin mediación
Código del tipo de medio n
338 ## - TIPO DE SOPORTE
Fuente rdacarrier
Nombre del tipo de soporte volumen
Código Tipo de soporte nc
500 ## - NOTA GENERAL
Nota General Tabla de contenido traducido por la agencia catalogadora
504 ## - NOTA DE BIBLIOGRAFÍA, ETC.
Nota de bibliografía, etc Incluye índice de temas y autores. Apéndice: sugerencias para lecturas adicionales
505 ## - NOTA DE CONTENIDO
Información miscelánea Volumen II:
Título From Augustine to the Eve of the Reformation:
Nota de contenido con formato preestablecido La teología de Agustín. -- La teología occidental después de Agustín. -- La teología oriental entre el cuarto y el sexto concilio ecuménico. -- El Renacimiento Carolingio. -- La Edad Oscura. -- El Renacimiento del siglo XII. -- Teología oriental desde las conquistas islámicas hasta la cuarta cruzada. -- Introducción general al siglo XIII. -- La tradición agustiniana en el siglo XIII. -- La Escuela Dominicana. -- Aristotelismo extremo. -- La teología oriental hasta la caída de Constantinopla. -- La teología en la Baja Edad Media. -- ¿Amanecer o anochecer?
Información miscelánea Volumen III:
Título From the protestant reformation to the twentieth century:
Nota de contenido con formato preestablecido El fin de una era. -- La teología de Martín Lutero. -- Ulrich Zwinglio y el comienzo de la tradición reformada. -- El Anabautismo y la Reforma Radical. -- De la teología luterana a la fórmula de la concordia. -- La teología reformada de Juan Calvino. -- La Reforma en Gran Bretaña. -- La teología en la Reforma católica. -- La teología de la ortodoxia luterana. -- La teología reformada después de Calvino. -- Nuevos despertares en la piedad personal. -- El cambiante marco filosófico. -- La teología protestante en el siglo XIX. -- La teología católica romana hasta la Primera Guerra Mundial. -- Teología oriental después de la caída de Constantinopla. -- La teología en el siglo XX. -- Una visión general final.
563 ## - NOTA DE ENCUADERNACIÓN
Nota de encuadernación Rústica
650 #7 - ASIENTO SECUNDARIO DE MATERIA - TERMINO TEMÁTICO
Término temático o nombre geográfico como elemento de entrada Teología doctrinal
9 (RLIN) 179
653 ## - TÉRMINO DE INDIZACIÓN - NO CONTROLADO
Término no controlado Historia
942 ## - TIPO DE MATERIAL (KOHA)
Tipo de Item KOHA Libros General
945 ## - INFORMACIÓN LOCAL DEL REGISTRO
Catalogador Catherine Arias Alvarez
Existencias
Estado de Material Estado de Perdido Forma de Clasificación Estado de Dañado No para Préstamo Colección Biblioteca de Origen Biblioteca Permanente Fecha de Adquisición Área Total de Préstamos Signatura Topográfica Código de Barras Última vez visto Ejemplar/Existencia Fecha de Remplazo Tipo de Material
    Dewey Decimal Classification     Colección General Biblioteca FUSBC Biblioteca FUSBC 30/09/2024 TEOLOGÍA CRISTIANA   G 230.09 G643h 25056 29/09/2024 Vol. 2, ej. 1 29/09/2024 Libros General
    Dewey Decimal Classification     Colección General Biblioteca FUSBC Biblioteca FUSBC 30/09/2024     G 230.09 G643h 25057 29/09/2024 Vol. 3, ej. 1 29/09/2024 Libros General

Biblioteca FUSBC | Teléfono: (57+4) 349 88 10 Ext. 141| WhatsApp (+57) 3005338115 
E-mail: biblioteca@unisbc.edu.co | Calle 76 87-14 Robledo Palenque, Medellín, Colombia

Con tecnología Koha